000 00471nam a2200181Ia 4500
001 5042
005 20260306145839.0
008 260306t2014||||xx |||||||||||||| ||spa||
041 _aESP
082 _a332.678
_bA67
100 _aArboleda Vélez, Germán
_eAUT
245 0 _aProyectos:
_bidentificación, formulación, evaluación y gerencia
260 _c2014
300 _axiv, 822 páginas :
_c24 cm.
650 _aGEN
654 _aCAN
942 _cLIB
_dJUS
_fJUS
_2ddc
_n
999 _c5042
_d5042